000 00988nam a22002537a 4500
001 5627
003 FISKH
005 20250108092121.0
008 250108b cb ||||| |||| 00| 0 eng d
020 _a9781407109589
040 _aFISKH
_beng
_cFISKH
_dFISKH
050 _aPZ7
082 _a529
100 _aArnold, Nick
245 _aThe terrible truth about time /
_cby Nick Arnold : Illustrated by Tony De Saulles
260 _aNew York :
_bScholastic ;
_c2002.
300 _a159 pages :
_billustrations ;
_c21 cm .
490 _aHorrible Science
520 _aThis work helps you find out what happens if you go too close to a black hole and how flies tell the time. With a fantastic new cover look and extraorrible bits at the back of the book, this best-selling title is sure to be a huge hit with a new generation of "Horrible Science" readers.
650 _atime travel
_vnon-fiction
700 _aSaulles, Tony De
_eillustrator
942 _2ddc
_cBK
_n0
999 _c5627
_d5627